00489 a2200133 4500001001000000005001700010008004100027245015000068100002000218700002800238700002100266773005100287999001700338ART_4669320260410162040.0260409a 10aUn modelo estructuralista-keynesiano de determinación del tipo cambio real “óptimo” para el desarrollo económico brasileño: 1999-20151 aNassif, André1 aFeijo, Carmen Aparecida1 aAraújo, Eliane0 tRevista Cepalg- Nº 123 (dic. 2017)wREV45125 c34770d34770